000 00490nam a2200169 4500
001 144506
003 ES-MaACL
005 20230906201032.0
007 t|
008 070214s1973 sp r ||||1| spa d
100 1 _aSilva, Raymond.
_9106384
245 1 3 _aLa magia en la medicina /
_cRaymond Silva ; traducción de Johanna Givanel.
260 _aBarcelona :
_bAymá,
_c1973.
300 _a204 p. ;
_c21 cm.
700 1 _aGivanel, Johanna.
_957379
852 _aES-MaACL
_jC-54901
_bR.87566
999 _c144506
_d144506